Представление документа в формате RUSMARC

ПолеНазваниеЗначение
  Тип записи a
  Библиографический уровень m
001 Контрольный номер RU/SLIB/B/208753596
005 Дата корректировки 20231229155935.3
010 Индекс ISBN __
a ISBN 5-270-00012-1
010 Индекс ISBN __
d Цена 700-00, 1-30
100 Данные общей обработки __
a Данные общей обработки 20230517d1988 m y0rusy028902 ca
101 Язык документа 0_
a Язык текста rus
102 Страна публикации __
a Страна публикации RU
105 Кодированные данные (монография) __
a Кодированные данные (монография) ac z 000yc
181 Поле кодированных данных: вид содержания _0
a Код вида содержания (ISBD) i
182 Поле кодированных данных: тип средства _0
a Код типа средства (ISBD) n
200 Заглавие и сведения об ответственности 1_
a Заглавие Незаконченное прошлое
f Первые сведения об ответственности предисл. А. Плахова
b Общее обозначение материала Текст
e Сведения, относящиеся к заглавию из жизни кинематографистов
210 Выходные данные 1_
a Место издания М.
c Издательство Современник
d Дата издания 1988
215 Физическое описание __
a Объем 380 с., [32] л. ил., портр.
327 Примечание о содержании 0_
a Примечание о содержании Как в кино: Записки кинохроникера / Н. Лыткин
327 Примечание о содержании 0_
a Примечание о содержании Я всего лишь трубач : повесть о старшем брате / А. Солоницын
606 Тематические рубрики __
a Основная рубрика Музыка и зрелищные искусства
y Географическая подрубрика Россия; Дальний Восток; США; Англия; Швеция
2 Код системы nlr_sh
606 Тематические рубрики __
a Основная рубрика История киноискусства
2 Код системы nlr_sh
610 Ключевые слова 0_
a Ключевые слова кино; кинематограф; кинематография; история кинематографа; персоналии; художественные фильмы
686 Индексы других классификаций __
a Классификационный индекс 85.373(2)
2 Код системы rubbks
702 Вторичная интеллектуальная ответственность _1
a Фамилия Плахов
b Имя А. С.
4 Код отношения 080
g Полное личное имя Андрей Степанович
702 Вторичная интеллектуальная ответственность _1
a Фамилия Лыткин
b Имя Н. А.
4 Код отношения 070
g Полное личное имя Николай Александрович
702 Вторичная интеллектуальная ответственность _1
a Фамилия Солоницын
b Имя А. А.
4 Код отношения 070
g Полное личное имя Алексей Алексеевич
801 Источник записи _0
a Страна RU
b Организация Муниципальное бюджетное учреждение культуры "Централизованная библиотечная система" г. Сургут (Центральная городская библиотека им. А. С. Пушкина)
g Правила каталогизации PSBO
801 Источник записи _1
a Страна RU
b Организация Муниципальное бюджетное учреждение культуры "Централизованная библиотечная система" г. Сургут (Центральная городская библиотека им. А. С. Пушкина)
g Правила каталогизации PSBO
852 Данные о местонахождении __
j Шифр хранения 85.373(2)
c Каталожный индекс 85.373(2)
i Авторский знак Н 44
p Инвентарный номер 66470, 38254
901 Тип документа __
t Тип документа m
a Ответственный КиК/Уланова
901 Тип документа __
a Ответственный СКБР2024
903 Характеристики (МАРС) __
c Наименование библиотеки (МАРС) Муниципальное бюджетное учреждение культуры "Централизованная библиотечная система" г. Сургут (Центральная городская библиотека им. А. С. Пушкина)
990 Данные о заказе (DOS) __
j Количество экземпляров (DOS) 2